| 000 | 00437cam a2200181ua 4500 | ||
|---|---|---|---|
| 020 | _a0-582-44642-2 | ||
| 041 |
_aeng _h |
||
| 082 |
_a581.13 _bDUF/CA |
||
| 100 | _aDuffus, C M. | ||
| 245 |
_aCarbohydrate metabolism in plants / _cC M Duffus. _hTextual Documents |
||
| 250 |
_a1 / _b. |
||
| 260 |
_aLondon : _bLongman , _c1984. |
||
| 300 | _a183 ; . | ||
| 504 | _a | ||
| 700 | 1 | _aDuffus, J H . | |
| 942 | _cBK | ||
| 999 |
_c7355 _d7355 |
||